[Event "47th GER-ch Blitz 2020"]
[Site "Magdeburg"]
[Date "2020.08.15"]
[Round "9.5"]
[White "Wichmann, Cliff"]
[Black "Voege, Tobias"]
[Result "0-1"]
[WhiteElo "2305"]
[BlackElo "2326"]
[Annotator "TA"]
[PlyCount "114"]
[EventDate "2020.07.28"]
[EventType "tourn"]
[EventCountry "GER"]
[SourceTitle "playchess.com"]
[Source "ChessBase"]
[SourceQuality "1"]

{[%evp 9,114,5,-3,-2,-5,-13,7,-37,-12,-19,-9,-37,-33,-34,-36,-30,-25,-37,10,14,5,0,27,31,61,21,47,24,135,129,121,84,154,109,112,101,308,306,307,307,306,306,306,302,295,298,386,300,376,244,391,284,460,433,460,361,400,386,430,371,370,91,115,18,503,77,503,400,400,391,382,62,833,674,702,150,149,159,152,150,158,162,276,215,200,114,339,165,160,97,107,52,45,44,51,52,52,20,70,8,82,8,8,0,8,-1479,-985]} 1. d4 d5 2. c4 Nc6 3. Nc3 e5 4. e3 exd4 5. exd4 Bb4 6. Be3 {D07: Queen's Gambit: Chigorin Defence.} Nf6 7. Nf3 O-O 8. c5 {[#] The position is equal.} b6 $146 (8... Ne4 $5 {[%cal Re4c3]} 9. Rc1 Bg4 $15) ({Predecessor:} 8... Re8 9. Be2 Qe7 10. Kf1 Bxc3 11. bxc3 Ne4 12. Rc1 Bg4 13. h3 Bxf3 14. gxf3 Ng3+ 15. fxg3 Qxe3 {½-½ (30) Zumsande,M (2332)-Porth,H (2184) Buchholz in der Nordheide 2000}) 9. Bb5 Ne7 10. cxb6 axb6 11. O-O Bxc3 12. bxc3 Ne4 13. Qb3 Bg4 14. Ne5 Be6 15. Rfe1 Qd6 16. a4 c6 17. Bd3 c5 {Threatens to win with ...c4.} 18. Qc2 f6 {[#]} (18... cxd4 $11 {keeps the balance.} 19. Bxd4 Nf5) 19. Nc4 $1 {[%mdl 512]} Qc7 (19... dxc4 20. Bxe4) 20. Na3 Bf5 ({Better is} 20... f5) 21. Nb5 Qd7 22. f3 Nd6 $2 (22... c4 $16 23. Bxe4 dxe4) 23. dxc5 $18 Nxb5 24. axb5 {Strongly threatening Rxa8.} ({Worse is} 24. Bxb5 Qxb5 25. axb5 Bxc2 $15) 24... Bxd3 25. Qxd3 bxc5 26. Bxc5 Rxa1 27. Rxa1 {And now Ra7! would win.} Re8 28. Rd1 Kh8 29. Bd4 Nc8 (29... Rb8 $142 30. Bc5 Rc8) 30. b6 Qb7 $2 (30... Qc6 {was necessary.} 31. Qb1 Nd6) 31. Qb5 {[%cal Rb5e8]} Nd6 32. Qb3 Nc4 33. Ra1 Rb8 34. h4 Qc6 35. b7 $2 (35. Qb4 $18) 35... h6 36. Rb1 (36. Ra4 $16) 36... Nd2 $2 {[%mdl 8192]} (36... Nd6 $11 {and Black is okay.}) 37. Qb6 $2 (37. Qb5 $18 {and the rest is easy.} Qe6 38. Ba7 Rxb7 39. Qxb7 Nxb1 40. Qb8+ Qg8 41. Qxb1) 37... Qd7 $2 {[%mdl 8192]} (37... Qe8 $16) 38. Rb5 Nc4 39. Qa7 Qc7 {Now ...Nd6 and Black clings on.} 40. Rxd5 $2 (40. Qa6 $18) 40... Re8 $2 {[%mdl 8192]} (40... Rxb7 $14 41. Qa2 Rb2) 41. Bf2 {Black must now prevent Rc5.} Nd6 42. Qc5 $2 (42. b8=R $18 {is more deadly.} Qxb8 43. Qxb8 Rxb8 44. Rxd6) 42... Qxc5 $16 43. Rxc5 Nxb7 {[%mdl 4096] Endgame KRB-KRN} 44. Rc7 Nd6 45. c4 {[%cal Bc3c4,Bc4c5][%mdl 32]} Nf5 (45... Rb8 $142 46. c5 Nb5) 46. c5 Re6 47. Rd7 (47. g4 $18 Ne7 48. Bg3) 47... Rc6 $2 (47... h5 $16 {was worth a try.} 48. g4 hxg4) 48. Rd5 (48. h5 $142) 48... Ne7 $18 {[#]} 49. Rd6 ({White should try} 49. Rd8+ $1 Kh7 50. h5) 49... Kg8 $16 50. g4 (50. Rd7 $16 Ng6 51. Kf1) 50... Rxd6 $14 51. cxd6 {KB-KN} Nc6 52. Bc5 Kf7 53. Kf2 Ke6 54. Ke3 (54. f4 $14) 54... g6 (54... Ne5 $11) 55. Kf4 (55. d7 $16) 55... Ne5 $11 {aiming for ...Nd3+.} 56. Ba3 {Threatening h5.} Nc4 57. Ke4 $2 {[%mdl 8192]} (57. d7 $11 Kxd7 58. Bb4) 57... Nxa3 {Never resign too early! Accuracy: White = 32%, Black = 39%.} 0-1

[Event "47th GER-ch Blitz 2020"]
[Site "Magdeburg"]
[Date "2020.08.15"]
[Round "9.6"]
[White "Zelbel, Patrick"]
[Black "Weller, Manuel"]
[Result "1-0"]
[WhiteElo "2448"]
[BlackElo "2237"]
[Annotator "TA"]
[PlyCount "53"]
[EventDate "2020.07.28"]
[EventType "tourn"]
[EventCountry "GER"]
[SourceTitle "playchess.com"]
[Source "ChessBase"]
[SourceQuality "1"]

{[%evp 9,53,17,31,30,29,22,16,0,-12,-14,-8,-15,25,-15,37,37,35,36,82,72,78,79,136,97,153,90,67,82,69,73,85,77,77,51,447,421,2009,1834,1581,725,725,720,687,685,29988,1538]} 1. e4 c6 2. Nc3 d5 3. Nf3 Nf6 4. e5 Ne4 5. Ne2 Qb6 {[%csl Ge4][%cal Rb6f2]} 6. d4 $1 {B11: Caro-Kann: Two Knights Variation.} e6 7. Ng3 c5 8. Bd3 $1 {The position is equal. 8.Bd3 is better than 8.c3.} Nxg3 $1 9. fxg3 Nc6 10. O-O {Threatens to win with Ng5.} h6 11. a3 {[#]} Be7 $146 (11... cxd4 $11 12. Qe1 Be7) ({Predecessor:} 11... Bd7 12. Kh1 cxd4 13. Qe2 Qc7 14. g4 g5 15. b4 Bg7 16. Re1 a6 17. Bb2 Rc8 {0-1 (61) Kovalev,V (2648)-Sonis,F (2490) chess.com INT 2020}) 12. dxc5 $14 Bxc5+ 13. Kh1 a5 14. Qe1 Bd7 15. g4 O-O-O (15... Be7 $142) 16. Bd2 $16 a4 {[#]} (16... Qxb2 $142 17. Rb1 Qxa3) 17. b4 (17. Rb1 $142 $1) 17... axb3 18. cxb3 Qxb3 19. Qe2 {Black must now prevent Rfc1.} Qa4 20. Rab1 Kc7 ({Wrong is} 20... Qxg4 $2 {[#]} 21. Ba6 $1 $18 {[%mdl 512]}) ({Don't blunder} 20... Qxa3 $2 21. Ra1 $18) 21. Bb5 Qxg4 $2 {[%mdl 8192] This costs Black the game.} ({Don't go for} 21... Qxa3 $2 22. Ra1 $18) ({Black should play} 21... Qa7 $14) 22. Rfc1 $18 Ba7 (22... Qe4 $142 23. Qxe4 dxe4) 23. Ba5+ Kb8 24. Bxd8 (24. Bxc6 $142 Bxc6 25. Rxc6) 24... Rxd8 25. Bxc6 Bxc6 26. Rxc6 Qf5 27. Rcc1 {Accuracy: White = 67%, Black = 52%.} (27. Rxb7+ $142 Kxb7 28. Qb5+ Ka8 29. Rc7 Qb1+ 30. Qxb1 Rb8 31. Qc2 Rb6 32. Rxf7) 1-0

[Event "47th GER-ch Blitz 2020"]
[Site "Magdeburg"]
[Date "2020.08.15"]
[Round "9.7"]
[White "Dobrikov, Marco"]
[Black "Bluebaum, Matthias"]
[Result "0-1"]
[WhiteElo "2290"]
[BlackElo "2647"]
[Annotator "TA"]
[PlyCount "47"]
[EventDate "2020.07.28"]
[EventType "tourn"]
[EventCountry "GER"]
[SourceTitle "playchess.com"]
[Source "ChessBase"]
[SourceQuality "1"]

{[%evp 12,47,0,-11,14,0,0,-20,-4,-29,-21,-28,-13,-16,0,-49,-56,-90,-97,-82,-78,-197,-208,-253,-249,-372,-371,-381,-395,-504,-503,-468,-464,-830,-794,-917,-913,-919]} 1. c4 c6 2. Nc3 d5 3. cxd5 cxd5 4. d4 Nf6 5. g3 Nc6 6. Bg2 Bf5 7. Nf3 h6 {D13: Slav Defence: Exchange variation without ...Bf5.} 8. O-O e6 9. a3 Be7 {The position is equal.} 10. b4 O-O 11. Bb2 Rc8 12. Rc1 Nd7 {[#]} 13. Na4 $146 ({Predecessor:} 13. e3 Nb6 14. Nd2 a5 15. b5 Na7 16. Re1 Qd7 17. Bf1 Bg6 18. Qb3 Rc7 19. Na2 Rxc1 20. Rxc1 {½-½ (40) Gonzalez Perez,L (2140)-Gutierrez Castillo,P (2132) Almansa 2009}) 13... Nb6 14. Nxb6 Qxb6 15. Qd2 a5 {[%cal Ra5b4]} 16. bxa5 (16. Ne5 $17) 16... Nxa5 $19 ({But not} 16... Qxa5 17. Rc3 $15) 17. Rxc8 Rxc8 18. Rc1 (18. Bc3 {keeps fighting.} Nc4 19. Qd1) 18... Nc4 19. Qc3 Ra8 20. Ba1 Rxa3 {Black is clearly winning.} 21. Qe1 Bb4 22. Bc3 (22. Qf1 $142 Qa5 23. Ne5) 22... Rxc3 23. Rxc3 Qa5 24. Bf1 {White got outplayed after the opening. Accuracy: White = 44%, Black = 92%.} 0-1

[Event "47th GER-ch Blitz 2020"]
[Site "Magdeburg"]
[Date "2020.08.15"]
[Round "9.8"]
[White "Frischmann, Rick"]
[Black "Braeuning, Rudolf Wilhelm"]
[Result "1-0"]
[WhiteElo "2347"]
[BlackElo "2244"]
[Annotator "TA"]
[PlyCount "51"]
[EventDate "2020.07.28"]
[EventType "tourn"]
[EventCountry "GER"]
[SourceTitle "playchess.com"]
[Source "ChessBase"]
[SourceQuality "1"]

{[%evp 9,51,5,18,8,90,24,30,0,206,185,189,41,17,52,539,518,750,744,737,730,1106,766,867,822,861,867,1263,1227,29996,1469,1839,1834,1769,1564,1854,1810,29993,29993,29994,29995,29995,29996,29997,29998]} 1. e4 c5 2. Nf3 g6 3. d4 cxd4 4. Qxd4 Nf6 5. Nc3 Nc6 6. Qa4 {B27: Sicilian: 2 Nf3, unusual Black 2nd moves.} Ng4 {[#]} (6... d6 $11 {remains equal.}) 7. Bf4 $146 (7. h3 $16 Nge5 8. Nxe5 Nxe5 9. Be3) ({Predecessor:} 7. h3 Nge5 8. Nxe5 Nxe5 9. Be3 Bg7 10. Nd5 Nc6 11. Bb6 axb6 12. Qxa8 Bxb2 13. Rb1 Bd4 {½-½ (41) Schnider,G (2425)-Lehner,O (2400) Germany 2018}) 7... Bg7 $1 $11 8. h3 {White has an edge.} Nxf2 $2 (8... Qb6 $11 {and Black is okay.} 9. Nd5 (9. hxg4 Qxb2 {[%mdl 64] Double Attack} 10. Rd1 Bxc3+ 11. Bd2 d6 $17) (9. Nd1 Nf6 $11) 9... Qxf2+ 10. Kd1 Nge5 11. Nxe5 Nxe5) 9. Kxf2 $18 Qb6+ 10. Kg3 (10. Be3 $18 Qxb2 11. Nb5 (11. Nd5 Qxa1 12. Nc7+ {[%mdl 64] Double Attack} Kf8 $18) 11... Qxa1 12. Nc7+ {[%mdl 64] Double Attack} Kf8 13. Nxa8) 10... Qxb2 $14 11. Nd5 O-O $2 {[%mdl 8192] Loses the game.} (11... Qxa1 $14 12. Nc7+ {[%mdl 64] Double Attack} Kf8) 12. Bd3 $18 {Hoping for Rab1.} Qxa1 13. Rxa1 Bxa1 14. c3 e6 15. Nc7 Rb8 16. Qc2 d6 17. Qc1 e5 18. Bh6 Rd8 {[#]} 19. Qxa1 (19. Qg5 $142 $1 f5 20. Qf6 f4+ 21. Kh2 Bxc3 22. Qg7#) 19... Be6 20. Nxe6 fxe6 21. Ng5 Re8 22. Qf1 {Qf7+ would kill now.} Re7 23. Qf6 {White mates.} Rbe8 {[#]} 24. Bc4 $1 Nd8 {[#]} 25. Nxe6 $1 Rf7 (25... Nxe6 26. Bxe6+) 26. Nxd8 {[%mdl 64] Pin, Discovered Attack. Accuracy: White = 58%, Black = 21%.} 1-0

[Event "47th GER-ch Blitz 2020"]
[Site "Magdeburg"]
[Date "2020.08.15"]
[Round "9.9"]
[White "Meier, Georg"]
[Black "Muranyi, Karl-Jasmin"]
[Result "1/2-1/2"]
[WhiteElo "2621"]
[BlackElo "2331"]
[Annotator "TA"]
[PlyCount "58"]
[EventDate "2020.07.28"]
[EventType "tourn"]
[EventCountry "GER"]
[SourceTitle "playchess.com"]
[Source "ChessBase"]
[SourceQuality "1"]

{[%evp 13,58,7,19,15,14,11,39,27,52,44,37,37,37,35,37,35,56,52,62,58,54,32,41,-4,-2,-31,-14,-179,-194,-194,-193,-193,0,0,0,0,0,0,33,0,0,-34,-29,-106,-76,-78,-63]} 1. Nf3 d5 2. g3 c6 3. Bg2 Bf5 4. O-O Nf6 5. c4 e6 6. cxd5 exd5 7. d3 Be7 8. Qb3 {A11: English Opening: 1...c6.} Qb6 9. Qc2 Nbd7 10. Nc3 {White is slightly better.} O-O 11. e4 Bg6 12. Nh4 dxe4 13. dxe4 Rfd8 14. Be3 {[#]} Qa6 $146 ({Predecessor:} 14... Qa5 15. a3 Ne5 16. b4 Qa6 17. Nxg6 hxg6 18. Rfe1 Qd3 19. Qc1 a5 20. bxa5 Qd6 {½-½ (40) Ziska,H (2533)-Malassagne,R (2246) Le Blanc Mesnil 2019}) 15. Rad1 Ng4 16. Nxg6 hxg6 17. Bd4 Nf8 18. Ne2 (18. Bh3 $5 {[%cal Rh3g4]} Ne6 19. Bxa7 $11) 18... Ne6 19. Bc3 Bc5 20. Bh3 $2 (20. Nc1 $11 {and White has nothing to worry.}) 20... Rxd1 $19 21. Qxd1 Rd8 22. Qe1 {[#]} Nf6 $2 ({Black should play} 22... Nxf2 $1 $19 23. Rxf2 Ng5) 23. Bxe6 $11 fxe6 24. Nf4 $36 {[%mdl 2048] White is more active.} Qxa2 25. Qe2 Kf7 26. Kg2 Bd4 {Threatens to win with ...Bxc3.} 27. Bxd4 Rxd4 28. f3 (28. e5 $11 Nd5 29. Nh3) 28... Qa5 {[#] Strongly threatening ...Rd2.} 29. Rd1 Qd8 {Accuracy: White = 62%, Black = 69%.} 1/2-1/2

[Event "47th GER-ch Blitz 2020"]
[Site "Magdeburg"]
[Date "2020.08.15"]
[Round "9.10"]
[White "Koch, Thomas"]
[Black "Krause, Benedict"]
[Result "1-0"]
[WhiteElo "2461"]
[BlackElo "2425"]
[Annotator "TA"]
[PlyCount "115"]
[EventDate "2020.07.28"]
[EventType "tourn"]
[EventCountry "GER"]
[SourceTitle "playchess.com"]
[Source "ChessBase"]
[SourceQuality "1"]

{[%evp 21,115,24,30,23,29,32,50,17,44,31,16,6,25,12,21,4,18,0,0,0,0,0,0,0,0,0,0,0,0,0,0,0,0,0,0,0,0,0,526,44,36,50,18,47,141,117,208,79,368,-102,-41,-94,1384,789,891,769,694,609,594,361,1738,1170,2218,459,463,424,429,418,381,309,298,270,270,260,316,270,290,245,221,219,216,123,434,433,6035,5736,5722,12340,9978,7450,12798,12797,29979,29975,29971,5061]} 1. d4 Nf6 2. c4 g6 3. Nc3 d5 4. cxd5 Nxd5 5. e4 Nxc3 6. bxc3 Bg7 7. Bc4 c5 8. Ne2 Nc6 9. Be3 O-O 10. O-O Bg4 11. f3 Bd7 {is now more promising than 11...Na5. Played by Ian Nepomniachtchi in August 2020.} 12. Rc1 {D87: Exchange Grünfeld: Classical Line: Variations without ...cxd4.} Qc7 13. Qd2 Rad8 14. Rfd1 {White is slightly better.} (14. Bh6 cxd4 15. Bxg7 Kxg7 16. cxd4 Qa5 17. Qb2 Qb4 18. Qxb4 Nxb4 19. Rb1 a5 20. a3 Nc2 21. Rxb7 Bc8 22. Rxe7 Ne3 23. Rc1 Nxc4 24. Rxc4 {1-0 (63) Koch,T (2474)-Krause,B (2434) Magdeburg 2019}) 14... Bc8 15. Bh6 Na5 16. Bd3 e5 {[#]} 17. Bxg7 $146 ({Predecessor:} 17. Bg5 f6 18. Bh4 Be6 19. d5 c4 20. Bc2 b6 21. Rb1 Nb7 22. Bf2 Bd7 23. a4 {1-0 (36) Paikidze,N (2340)-Torres Rosas,L (2359) New York 2014}) 17... Kxg7 18. f4 f6 (18... c4 $5 {[%cal Rc4d3]} 19. Bc2 exd4 20. Nxd4 Nc6 $11) 19. fxe5 fxe5 20. h3 b6 21. Qe3 Qe7 22. Qg3 Rde8 23. Bb5 Bd7 24. Bxd7 Qxd7 25. dxe5 Qe7 26. Rd5 {Nf4 is the strong threat.} Nc6 27. Rcd1 {aiming for Rd7.} Nxe5 28. Nf4 Kh8 29. Rd6 Rd8 $2 {[%mdl 8192] [#]} (29... Qf7 $11 30. Nd5 Re6) 30. Rxd8 $2 ({Only move:} 30. Ne6 $1 $18 {[%mdl 512]} Qxe6 31. Rxe6 Rxd1+ 32. Kh2) 30... Rxd8 $14 31. Nd5 Qe6 32. Rf1 Nd7 (32... Kg7 $14) 33. Qc7 $16 Rf8 (33... Rg8 $16 {was worth a try.} 34. Qxa7 g5) 34. Nf4 $40 {[%mdl 128] White goes for the king.} ({Don't play} 34. Qxa7 $6 Rxf1+ 35. Kxf1 Qd6 $16) (34. Rxf8+ $18 {and White stays clearly on top.} Nxf8 35. Qb8 (35. Qxa7 Qxe4 36. Qb8 Qxd5 $16)) 34... Qxe4 $2 {[%mdl 8192]} (34... Qe8 $16 {keeps fighting.}) 35. Qd6 $2 (35. Qxd7 $18 {Threatening mate with Nxg6+!} Kg8 36. Nd5 (36. Qxa7 Qe3+ 37. Kh1 Qe5 $16) 36... Rxf1+ 37. Kxf1 Qf5+ 38. Qxf5 gxf5 39. Ne7+ Kf7 40. Nc8) 35... Qe8 (35... Qe3+ $17 36. Kh2 Qe8) 36. Rf2 ({White should play} 36. Ne6 $15 Rxf1+ 37. Kxf1) 36... Kg7 $2 {[%mdl 8192] White stays focused until the end.} (36... Qe1+ $17 37. Rf1 Qe3+ 38. Kh2 Qe8) 37. Re2 Qf7 38. Ne6+ Kg8 39. Nxf8 Nxf8 $18 {[%mdl 4096] Endgame KQR-KQN} 40. Rf2 Qg7 $2 (40... Qe8 41. Qc7 Nd7) 41. a4 h5 42. Re2 (42. Qd5+ $142 Kh8 43. Rf7) 42... Qxc3 {[#]} 43. Re8 $1 {[%mdl 512]} Qd4+ 44. Qxd4 cxd4 {KR-KN} 45. Rd8 Kf7 46. Rxd4 Ke6 47. Rc4 Kd6 48. Kf2 Ne6 49. Ke3 a6 50. h4 b5 {[#]} 51. Re4 (51. axb5 $1 $18 axb5 52. Rc8) 51... Nc5 $2 {[%mdl 8192]} (51... Kd5 $16 52. g4 Kd6 53. axb5 axb5) 52. Rd4+ Ke5 (52... Ke6 $142 53. axb5 axb5) 53. axb5 axb5 54. Rb4 Ne6 55. Rxb5+ Kf6 56. Ke4 g5 57. Rf5+ Kg6 58. Ke5 {Accuracy: White = 54%, Black = 42%.} (58. Re5 $142 Nf8 59. Rxg5+ Kh6 60. Rc5 Kg6 61. Rg5+ Kh6 62. Kf5 Nd7 63. Rg6+ Kh7 64. Rc6) 1-0

[Event "47th GER-ch Blitz 2020"]
[Site "Magdeburg"]
[Date "2020.08.15"]
[Round "9.11"]
[White "Svane, Rasmus"]
[Black "Stein, Robert"]
[Result "0-1"]
[WhiteElo "2613"]
[BlackElo "2325"]
[Annotator "TA"]
[PlyCount "120"]
[EventDate "2020.07.28"]
[EventType "tourn"]
[EventCountry "GER"]
[SourceTitle "playchess.com"]
[Source "ChessBase"]
[SourceQuality "1"]

{[%evp 16,120,35,7,13,-8,-15,-20,37,33,41,26,43,49,52,0,0,0,33,31,55,54,62,46,61,49,62,15,13,12,29,26,33,33,33,31,30,33,33,1,54,23,20,9,10,10,13,0,0,0,0,0,0,0,0,0,0,0,0,0,0,0,0,0,0,0,0,0,0,-105,0,0,0,0,0,0,0,0,0,0,0,-165,-161,-161,-147,-159,-135,-409,-391,-382,-337,-598,-518,-29974,-29969,-29977,-29977,-29977,-29978,-29979,-29980,-29984,-29985,-29985,-29986,-29988,-29984]} 1. Nf3 Nf6 2. g3 g6 3. Bg2 Bg7 4. O-O O-O 5. d4 d5 6. c4 c6 7. Qb3 dxc4 8. Qxc4 Be6 9. Qc2 Bf5 {D78: Fianchetto Grünfeld: 6 0-0 c6.} 10. Qb3 Qb6 11. Nc3 {11.Qa3 is the modern continuation.} Ne4 (11... Na6 $11) 12. Nh4 $14 Nxc3 13. bxc3 {[#]} Qxb3 $146 ({Predecessor:} 13... Be6 14. Qc2 Bc4 15. Nf3 Nd7 16. Re1 e5 17. Nd2 Be6 18. e3 Qc7 19. a4 Rfd8 20. a5 Rac8 {½-½ (52) Burmakin,V (2495)-Jugelt,T (2408) Werther 2019}) 14. axb3 Be6 15. b4 ({Better is} 15. Ra3 $14) 15... Bc4 $11 16. Re1 Nd7 (16... e5 $5 {[%cal Re5d4]}) 17. f4 f5 18. e4 {aiming for exf5.} fxe4 19. Rxe4 Rfe8 20. Bh3 Nf6 21. Be6+ Bxe6 22. Rxe6 Kf7 23. Re1 Nd5 24. Bd2 Bf6 25. Nf3 Nb6 26. Kf2 Nc4 27. Ke2 a6 ({Black should play} 27... a5 $11) 28. Ra2 (28. Be3 $5) 28... a5 29. Rea1 {[%cal Rb4a5]} b5 30. bxa5 Ra6 $1 31. Ne1 Rea8 32. Nd3 Rxa5 33. Rxa5 Rxa5 34. Rxa5 Nxa5 {[%mdl 4096] Endgame KBN-KBN} 35. Kf3 Nc4 36. Be1 Ke6 37. g4 Kd5 38. Nb4+ Kd6 39. Bg3 Kd7 40. Nd3 e6 41. h3 Be7 42. Ke4 (42. Ke2 $11 {remains equal.}) 42... Bd6 (42... Nd2+ $17 43. Ke3 Nf1+ 44. Kf3 Nxg3 45. Kxg3 Kd6) 43. Bh4 Nd2+ 44. Ke3 Nc4+ 45. Kf3 Nd2+ 46. Ke3 Nc4+ 47. Ke2 Nb6 48. Bf6 $2 (48. Be1 $11 {and White is okay.}) 48... Nd5 $19 {[%mdl 64] [#] Double Attack} 49. Be5 Nxc3+ 50. Kd2 Nd5 51. Kc2 $2 {[%mdl 8192] Now White is beyond hope.} (51. Ke2 $17) 51... Nb4+ 52. Nxb4 Bxb4 {KB-KB} 53. Kd3 $2 (53. Bg7) 53... Bd6 54. Kc3 {[#]} (54. Bf6 $19 Bxf4 55. Bg7) 54... Bxe5 {Black mates.} 55. dxe5 {KP-KP} c5 56. Kd3 Kc6 57. Ke4 b4 58. f5 gxf5+ 59. gxf5 exf5+ 60. Kxf5 Kd7 {Accuracy: White = 68%, Black = 91%.} 0-1

[Event "47th GER-ch Blitz 2020"]
[Site "Magdeburg"]
[Date "2020.08.15"]
[Round "9.13"]
[White "Svane, Frederik"]
[Black "Berger, Steve"]
[Result "1/2-1/2"]
[WhiteElo "2421"]
[BlackElo "2408"]
[Annotator "TA"]
[PlyCount "56"]
[EventDate "2020.07.28"]
[EventType "tourn"]
[EventCountry "GER"]
[SourceTitle "playchess.com"]
[Source "ChessBase"]
[SourceQuality "1"]

{[%evp 10,56,14,9,12,15,10,20,25,18,16,17,20,15,19,12,25,-14,-10,-21,-12,-45,-41,-101,-101,-101,-98,-95,-99,-117,-67,-68,-44,-62,-68,-68,-75,-79,-48,-85,-69,-61,-8,-8,-8,-8,-8,-8,-8]} 1. e4 e6 2. d4 d5 3. Nd2 c5 4. exd5 Qxd5 5. Ngf3 cxd4 6. Bc4 Qd7 {C07: French Tarrasch: 3...c5, 4 Ngf3 and 4 exd5 Qxd5.} 7. O-O Nc6 8. Nb3 {[%cal Rb3d4]} Nf6 9. Nbxd4 Nxd4 10. Nxd4 {[#] Hoping for Bb5.} a6 11. Re1 Bc5 {11...b5 is the modern continuation.} 12. c3 b5 {[#]} 13. Bd3 $146 ({Predecessor:} 13. Bb3 Bb7 14. Bg5 Bxd4 15. cxd4 Qc6 16. f3 O-O 17. Bxf6 gxf6 18. Qd2 Qb6 19. Rad1 {½-½ (26) Berelowitsch,A (2549)-Svane,R (2506) Germany 2015}) 13... Bb7 14. Bf4 O-O 15. Be5 {aiming for Bxf6.} Qd5 {[%csl Gb7][%cal Rd5g2]} 16. Bf1 {[#]} (16. Nf3 $15) 16... Ne4 $1 $17 17. Bg3 Nxg3 18. hxg3 Rfd8 19. Nf3 Qh5 20. Qe2 $1 Rd5 21. Rad1 Rad8 22. Rxd5 Qxd5 ({Of course not} 22... Rxd5 23. c4 $11) 23. c4 bxc4 24. Qxc4 Qxc4 25. Bxc4 Bxf3 ({Better is} 25... Bb6 $15) 26. gxf3 $11 {The position is equal.} Rd2 27. Re2 Rxe2 28. Bxe2 a5 {Accuracy: White = 75%, Black = 86%.} 1/2-1/2

[Event "47th GER-ch Blitz 2020"]
[Site "Magdeburg"]
[Date "2020.08.15"]
[Round "9.14"]
[White "Schneider, Ilja"]
[Black "Kopylov, Michael"]
[Result "1-0"]
[WhiteElo "2479"]
[BlackElo "2407"]
[Annotator "TA"]
[PlyCount "81"]
[EventDate "2020.07.28"]
[EventType "tourn"]
[EventCountry "GER"]
[SourceTitle "playchess.com"]
[Source "ChessBase"]
[SourceQuality "1"]

{[%evp 19,80,26,23,27,33,20,30,22,54,45,55,22,23,26,15,5,25,14,27,27,178,183,179,177,362,145,316,327,298,291,363,363,326,180,220,214,893,420,351,395,1824,541,527,242,673,673,664,664,1232,696,5314,1150,1188,855,29988,29987,29989,29990,29996,29997,29997,29998,29999]} 1. d4 Nf6 2. Bg5 g6 3. Bxf6 exf6 4. c4 Bg7 5. Nc3 O-O 6. e3 f5 7. g3 Re8 8. Nge2 d6 9. Bg2 Nd7 10. O-O Nf6 11. Qd3 {A45: Trompowsky Attack.} h5 12. b4 h4 13. b5 {White has an edge.} hxg3 14. hxg3 Ng4 15. Nf4 Rb8 16. Rab1 Bd7 {[#]} 17. Ncd5 $146 ({Predecessor:} 17. Rb3 Qg5 18. Re1 Qh6 19. f3 Qh2+ 20. Kf1 Nxe3+ 21. Rxe3 Qxg3 22. Nce2 Qh4 23. Nd5 {½-½ (61) Pfrommer,C (2257)-Tsolakidis,P (2130) Germany 2005}) 17... Rc8 18. Bf3 Qg5 19. Kg2 Ne5 $2 (19... c6 $11) 20. dxe5 $18 dxe5 21. Nh3 Qh6 $2 (21... Qd8) 22. Qc2 (22. Qa3 $18 {has better winning chances.}) 22... f4 $2 {This costs Black the game.} (22... g5 $16) 23. Rh1 fxg3 24. fxg3 c6 25. bxc6 bxc6 26. Rb7 (26. Nf2 $142 Qg5 27. Ne4) 26... cxd5 27. Rxd7 Rxc4 $2 (27... e4 28. Qf2 Rcd8) 28. Qd1 (28. Qf2 $142 Rec8 29. Ng1) 28... e4 29. Be2 ({Weaker is} 29. Qxd5 exf3+ 30. Qxf3 Rf8 $11) 29... Rc3 $2 (29... Rc5 30. Nf4 {[%mdl 64] Discovered Attack} (30. Rxa7 Qxe3 31. Qf1 Rf8 $11) 30... Qg5 31. Nxd5 Be5) 30. Nf4 (30. Qxd5 $142 Re6 {[#]} 31. Ng5 $1 {[%mdl 576] Double Attack} Qh3+ 32. Rxh3 Rcc6 33. Nxe6 Bf8 34. Qxc6 a5 35. Nxf8 g5 36. Qh6 f5 37. Qh8#) 30... Qg5 31. Qxd5 (31. Nxd5 $142 Rc5 32. Qf1) 31... Qf6 $2 (31... Qxd5 32. Rxd5 Rb8) 32. Rf1 {Black must now prevent Nxg6!} Rc2 33. Kg1 Rf8 34. Bc4 {Ne2 is the strong threat.} Qb6 35. Ng2 (35. Rxf7 $142 Rxf7 36. Qxf7+ {[%mdl 64] Double Attack} Kh7 37. Nd5) 35... Qb2 36. Nh4 {[%cal Rd7f7]} Qc3 37. Rdxf7 {White mates.} Qxe3+ {[#]} 38. Kh1 $1 Kh8 39. Rxf8+ Kh7 {[#]} 40. Rh8+ $1 {[%mdl 64] Decoy, Back Rank} Kxh8 (40... Bxh8 41. Qg8+) 41. Qg8# {Accuracy: White = 46%, Black = 32%.} 1-0